000 00785nam a2200229 a 4500
008 070711s1975||||xo g 000 0 slo d
020 _c28
040 _aSNK
_bslo
_cSNK
_eAACR2
041 1 _aslo
_hfre
044 _axo
_cSK
_cSK
072 7 _a821.133.1-3
_xFrancúzska próza, francúzsky písaná
_2konspekt
080 _a821.133.1-3
_22001
080 _a(0:82-313.1)
_22001
100 1 _aFrance, Anatole
_d1844-1924
240 1 0 _aL'île des pingouins
_lSlovensky
245 1 0 _aOstrov tučniakov
_cAnatole France ; [z francúzskeho originálu preložila a poznámkami doplnila Michaela Jurovská]
260 _aBratislava
_c1975
_bPravda
300 _c21 cm
490 1 _aOdeon
_v37. zv.
700 1 _4trl
_4oth
765 0 _tL'île des pingouins. Slovensky
_aFrance, Anatole, 1844-1924
999 _c10560
_d10560